Una breve historia de la humanidad

Збережено в:
Бібліографічні деталі
Автор: Cook, Michael
Співавтор: e-libro, Corp
Інші автори: Úbeda, Víctor V.
Формат: eКнига
Мова:Іспанська
Опубліковано: Barcelona : Antoni Bosch editor, 2012.
Предмети:
Онлайн доступ:https://elibro.unach.elogim.com/es/lc/unach/titulos/60064
Теги: Додати тег
Немає тегів, Будьте першим, хто поставить тег для цього запису!

MARC

LEADER 00000nam a2200000 a 4500
001 ELB60064
003 FlNmELB
006 m o d |
007 cr cn|||||||||
008 201212r2012 sp |||||s|||||||||||spa d
020 |z 9788495348326 
035 |a (MiAaPQ)EBC3203659 
035 |a (Au-PeEL)EBL3203659 
035 |a (CaPaEBR)ebr10624281 
035 |a (OCoLC)1010530829 
040 |a FlNmELB  |b spa  |c FlNmELB 
050 4 |a D21  |b C771 2012 
082 0 4 |a 909  |2 22 
100 1 |a Cook, Michael. 
245 1 4 |a Una breve historia de la humanidad  |h [recurso electronico] /  |c Michael Cook ; traducción de Víctor V. Úbeda. 
260 |a Barcelona :  |b Antoni Bosch editor,  |c 2012. 
300 |a 398 p. 
533 |a Recurso electrónico. Santa Fe, Arg.: e-libro, 2015. Disponible vía World Wide Web. El acceso puede estar limitado para las bibliotecas afiliadas a e-libro. 
650 0 |a World history. 
650 4 |a Historia mundial. 
655 4 |a Libros electrónicos. 
700 1 |a Úbeda, Víctor V. 
710 2 |a e-libro, Corp. 
856 4 0 |u https://elibro.unach.elogim.com/es/lc/unach/titulos/60064